01317cam a22002891 4500001001300000003000400013005001700017008004100034010001700075035002000092040004700112042001200159050002000171100002700191245024300218260005200461300005800513490004600571500008100617504007500698650004900773650004400822650004100866650003600907810006700943999001701010gs 39000021 DLC20260227111344.0851004s1936 mx ab b 000 0 spa c ags 39000021  a(OCoLC)12634093 aU.S. Geol. Survey. Libr.cTxHRdOCoLCdDLC apremarc00aQE201b.M4 t. 61 aHernández, Apolinar.00aHidrogeología del Valle de Morelia, Mich.,cpor Apolinar Hernández. Hidrogeología de la zona de Tenango del Valle, Almoloya del Río, Amomolulco y sus vertientes en el Estado de México, por Apolinar Hernández y Luis Blásquez. aMéxico,bTall. Gráf. de la Nación,c1936. axi, 99 p.billus., 3 fold. col. maps, tables.c23 cm.1 aAnales del Instituto de Geología,vt. 6 aAt head of title: Universidad Nacional de México. Instituto de Geología. a"Glosario de términos geológicos usados en este tomo": p. [91]-99. 0aWater-supplyzMexicozMichoacán de Ocampo. 0aGeologyzMexicozMichoacán de Ocampo. 0aWater-supplyzMexicozMexico (State) 0aGeologyzMexicozMexico (State)2 aUniversidad Nacional.bInstituto de Geologia.tAnales ;vt. 6. c27506d27506